| 000 | 01079nam a2200253 a 4500 | ||
|---|---|---|---|
| 005 | 20210729130238.0 | ||
| 008 | 120830s2015 mx a|||gr|||| 00| 0 spa d | ||
| 020 | _a9786079209292 | ||
| 040 |
_aCO-BoUCM _bspa _cDeissy Garcia _dDeissy Garcia |
||
| 041 | 0 | _aspa | |
| 245 | 0 | 0 |
_aMujeres, feminismo y arte popular _ccoordinación Eli Bartra, María Guadalupe Huacuz Elías |
| 260 |
_a[México, D.F.] _bUniversidad Autónoma Metropolitana, Unidad Xochimilco, División de Ciencias Sociales y Humanidades _bObra Abierta Ediciones _c2015 |
||
| 300 |
_a191 páginas _bilustraciones |
||
| 504 | _aIncluye referencias bibliográficas | ||
| 650 | 0 |
_9104354 _aFeminismo y artes |
|
| 650 | 7 |
_919899 _aMujeres en el arte |
|
| 650 | 0 |
_929857 _aArte popular _zMéxico |
|
| 650 | 0 |
_aMujeres artesanas _zAmérica Latina _9104356 |
|
| 650 | 0 |
_aMujeres artistas _zAmérica Latina _9104357 |
|
| 700 | 1 |
_aBartra, Eli _eeditor _9103449 |
|
| 700 | 1 |
_9104355 _aHuacuz Elías, María Guadalupe _eeditor |
|
| 942 |
_cLIBRO _2DEWEY _a17 _e1 _h700.4522 _mM953 _n0 |
||
| 999 |
_c318813 _d318813 |
||